00358nam a2200145Ia 4500008004100000020001300041041000800054082001600062100002600078245004800104250000600152260003300158300001200191650000900203210716s1988 xx 000 0 und d a71004025 aeng a004.35 DESG aDesrochers, George R. aPrinciples of parallel and multiprocessing. a1 aAustraliabMcGraw Hillc1988 axii,414 aNone